Cháo Ấu Tẩu : Đặc sản Hà Giang /

Salvato in:
Dettagli Bibliografici
Autore principale: Lê Hải.
Natura: Articolo
Lingua:Vietnamese
Soggetti:
Tags: Aggiungi Tag
Nessun Tag, puoi essere il primo ad aggiungerne! !
Thư viện lưu trữ: Thư viện Trường Đại học Đà Lạt
LEADER 00732nam a2200265 4500
001 DLU090082871
005 ##20091008
040 # # |a DLU  |b vie 
041 # # |a vie 
044 # # |a vn 
100 # # |a Lê Hải.  
245 # # |a Cháo Ấu Tẩu :  |b Đặc sản Hà Giang /  |c Lê Hải. 
653 # # |a Liệu pháp ăn uống 
653 # # |a Món ăn đặc sản 
653 # # |a Món ăn dân tộc 
773 # # |t Du lịch Việt Nam  |g Số 6, 2008, tr. 45 
920 # # |a Phòng Tạp chí -- Trung tâm Thông tin - Thư viện Trường Đại học Đà Lạt 
994 # # |a DLU 
900 # # |a True 
911 # # |a Nguyễn Thị Linh Chi 
925 # # |a G 
926 # # |a A 
927 # # |a BB 
980 # # |a Thư viện Trường Đại học Đà Lạt